[Event "Benidorm op U2300 07th"]
[Site "Benidorm"]
[Date "2008.12.01"]
[Round "3"]
[White "Fauvet, Emmanuel"]
[Black "Sabater Sanchez, Asensio"]
[Result "0-1"]
[WhiteElo "2089"]
[BlackElo "2220"]
[PlyCount "42"]
[EventDate "2008.11.29"]
[EventType "swiss"]
[EventRounds "9"]
[EventCountry "ESP"]
[SourceTitle "CBM 127 Extra"]
[Source "ChessBase"]
[SourceDate "2009.01.08"]
[SourceVersion "2"]
[SourceVersionDate "2009.01.28"]
[SourceQuality "1"]

1. e4 Nf6 2. Nc3 d5 3. d4 dxe4 4. f3 exf3 5. Nxf3 Bf5 6. Bc4 e6 7. 0-0 Be7 8. Ne5 Bxc2 9. Qxc2 Qxd4+ 10. Kh1 Qxe5 11. Qb3 0-0 12. Qxb7 Nbd7 13. Bf4 Qc5 14. Bb3 Bd6 15. Rac1 Rab8 16. Qf3 Qf5 17. Qe3 Bxf4 18. Rxf4 Qg5 19. Ne4 Nxe4 20. Qxe4 Nc5 21. Qc4 Nd3 0-1

[Event "Benidorm op U2300 07th"]
[Site "Benidorm"]
[Date "2008.11.29"]
[Round "1"]
[White "Navarro Lopez Menchero, Daniel"]
[Black "Sabater Sanchez, Asensio"]
[Result "0-1"]
[WhiteElo "2076"]
[BlackElo "2220"]
[PlyCount "82"]
[EventDate "2008.11.29"]
[EventType "swiss"]
[EventRounds "9"]
[EventCountry "ESP"]
[SourceTitle "CBM 127 Extra"]
[Source "ChessBase"]
[SourceDate "2009.01.08"]
[SourceVersion "2"]
[SourceVersionDate "2009.01.28"]
[SourceQuality "1"]

1. e4 Nf6 2. e5 Nd5 3. d4 d6 4. c4 Nb6 5. exd6 cxd6 6. Nc3 g6 7. Be3 Bg7 8. Rc1 0-0 9. Be2 e5 10. dxe5 dxe5 11. Nf3 Nc6 12. 0-0 Be6 13. b3 h6 14. c5 Nd5 15. Nxd5 Qxd5 16. Bc4 Qxd1 17. Rfxd1 Bxc4 18. bxc4 Rfd8 19. Rd6 Bf8 20. Rd5 Nb4 21. Rxd8 Rxd8 22. g3 Nc6 23. Rb1 Rd7 24. Kg2 f5 25. Nh4 Kf7 26. f4 e4 27. h3 Nd8 28. g4 Be7 29. Kg3 Rd3 30. Rb3 Bxc5 31. gxf5 Rxe3+ 32. Rxe3 Bxe3 33. fxg6+ Kf6 34. g7 Kf7 35. Nf5 Bc5 36. Nxh6+ Kxg7 37. Ng4 Nf7 38. Kg2 Nd6 39. Ne5 Nf5 40. Kf1 Bd6 41. Nd7 Kf7 0-1